header

Computer-based medical guidelines and protocols (Record no. 24338)

MARC details
000 -LEADER
fixed length control field 01549nam a2200361Ia 4500
245 00 - TITLE STATEMENT
Title Computer-based medical guidelines and protocols
260 ## - PUBLICATION, DISTRIBUTION, ETC. (IMPRINT)
Place of publication Amsterdam ;
-- Washington, DC :
Name of publisher IOS Press,
Year of publication c2008.
300 ## - PHYSICAL DESCRIPTION
Number of Pages x, 289 p. :
Other physical details ill.
490 1# - SERIES STATEMENT
Series statement Studies in health technology and informatics,
650 #0 - SUBJECT ADDED ENTRY--TOPICAL TERM
Topical Term Decision making
Topical Term Medicine
Topical Term Medicine
700 1# - ADDED ENTRY--PERSONAL NAME
Personal name Lucas, Peter,
Personal name Miksch, Silvia.
Personal name Teije, Annette ten.
856 40 - ELECTRONIC LOCATION AND ACCESS
Uniform Resource Identifier http://site.ebrary.com/lib/rucke/Doc?id=10267481

No items available.

© 2026 Rongo University
Contact us: librarian | system librarian | Rongo university